Los recursos de la gobernabilidad en la Cuenca del Caribe / (Registro nro. 14296)

Detalles MARC
000 -LIDER
fixed length control field 03250nam a2200313 a 4500
001 - NÚMERO DE CONTROL
Identificador de número de control 000015098
003 - IDENTIFICACDOR DE NÚMERO DE CONTROL
control field DO-SdBNP
005 - DATE AND TIME OF LATEST TRANSACTION
control field 20221005115828.0
008 - ELEMENTOS DE LONGITUD FIJA
fixed length control field 100201s2002 ve 000 0 spa d
020 ## - ISBN
International Standard Book Number 9803171941
040 ## - FUENTE DE CATALOGACIÓN
Agencia que crea de manera original el registro DO-SdBNP
Idioma de catalogación spa
Agencia que realiza la transcripción BPMSU
082 ## - NÚMERO DE CLASIFICACIÓN DECIMAL DE DEWEY
Classification number 320.9729
Item number D578r 2002
Edition number 22
100 1# - ASIENTO PRINCIPAL -- NOMBRE PERSONAL
Nombre personal Dilla, Haroldo
245 14 - MENCIÓN DE TITULO
Título Los recursos de la gobernabilidad en la Cuenca del Caribe /
Mención de responsabilidad Haroldo Dilla ; edición Carlos González Ruiz.
260 ## - PUBLICACIÓN, DISTRIBUCIÓN, ETC. (PIE DE IMPRENTA)
Lugar de publicación, distribución, etc Caracas, Venezuela :
Nombre del editor, distribuidor, etc. FLACSO,
Fecha de publicación, distribución, etc 2002.
Nombre del editor, distribuidor, etc.
300 ## - DESCRIPCIÓN FÍSICA
Extensión 300 p. ;
Dimensiones 23 cm.
500 ## - NOTA GENERAL
Nota general Incluye datos biográficos del autor en la solapa de la cubierta
504 ## - NOTA DE BIBLIOGRAFÍA, ETC.
Bibliography, etc Incluye referencias bilbiográficas y notas al pie de las páginas
504 ## - NOTA DE BIBLIOGRAFÍA, ETC.
Bibliography, etc Incluye bibliografías
505 0# - NOTA DE CONTENIDO
Texto normalizado de contenido Presentación - Rubén Silié 7 -- Introducción - Haroldo Dilla Alfonso 9 -- Un debate sobre la gobernabilidad -- Los recursos de la gobernabilidad en la Cuenca del Caribe: ¿hay alternativas? - Haroldo Dilla Alfonso 13 -- Algunas consideraciones críticas sobre la gobernabilidad en el Caribe - Carlos Sojo 35 -- Comentarios: una perspectiva desde la geopolítica - Jorge Rodríguez Beruff 47 -- "Nuevo orden panamericano" y gobernabilidad democrática en el Gran Caribe - Luis Suárez Salazar 53 -- Vulnerabilidad económica, exposición al riesgo y gobernabilidad en la Cuenca del Caribe - Guarocuya Félix 65 -- ¿Son gobernables nuestras ciudades? - Carlos García Pleyán 71 -- Nuevo tipo de gobernabilidad o ingobernabilidad regional - Sobeida de Jesús Cedano 77 -- Movimientos sociales y gobiernabilidad -- Vieques: sociedad civil y nuevo escenario político - José Javier Colón Morera y José Rivera Santana 89 -- Futuro y realidad de los movimientos comunitarios en Cuba - Graciela Morales Pacheco 111 -- El movimiento barrial en la República Dominicana. Acercamiento a su lectura cultural - Tahira Vargas 127 -- Movimientos sociales en el Caribe - Blanca Ortiz-Torres 145 -- Movimientos sociales y política: tres experiencias latinoamericanas - Viviana Patroni 151 -- Estudios de casos nacionales -- Cuba: los escenarios cambiantes de la gobernabilidad - Haroldo Dilla Alfonso 159 -- Democracia y gobernabilidad en Haití: desafíos y perspectivas (1986-2000) - Cary Hector 181 -- República Dominicana: la gobernabilidad obstruida por la exclusión política - César Pérez 207 -- México pos PRI: crisis de la autonomía estatal, estancamiento económico y retos para la gobernabilidad - José Luis León 235 -- La crisis política colombiana - Pedro Santana Rodríguez 253 -- Gobernabilidad democrática en Venezuela: entre consensos y conflictos - Raquel Gamus 265 -- La sociedad civil transnacional en el debate sobre integración y gobernabilidad democrática regional en el Gran Caribe - Hernán Yánez Quintero 287 -- Autores 299
590 ## - NOTA LOCAL
Enlace Inventariado, 2022/VM
650 ## - ENCABEZAMIENTO DE MATERIA--TEMÁTICO
Término temático o nombre geográfico como elemento de entrada Gobernabilidad
Subdivisión geográfica Caribe (Región)
Subdivisión de forma Ensayos, conferencias, etc.
650 ## - ENCABEZAMIENTO DE MATERIA--TEMÁTICO
Término temático o nombre geográfico como elemento de entrada Problemas sociales
Subdivisión geográfica Caribe (Región)
Subdivisión de forma Ensayos, conferencias. etc.
651 #4 - ENCABEZAMIENTO DE MATERIA--NOMBRE GEOGRÁFICO
Nombre geográfico Caribe (Región)
Subdivisión temática general Política y gobierno
Subdivisión de forma Ensayos, conferencias, etc.
700 1# - ASIENTO SECUNDARIO -- NOMBRE PERSONAL
Nombre personal González Ruiz, Carlos,
Mención de responsabilidad ed.
710 2# - ASIENTO SECUNDARIO -- NOMBRE CORPORATIVO
Nombre corporativo o de jurisdicción FLACSO Programa (República Dominicana)
910 ## - VALIDACIÓN
Validación VMateo V. /Validado
942 ## - ADDED ENTRY ELEMENTS (KOHA)
Source of classification or shelving scheme Dewey Decimal Classification
Koha item type Libros
Existencias
Withdrawn status Lost status Source of classification or shelving scheme Damaged status Not for loan Collection code Home library Current library Date acquired Total Checkouts Full call number Barcode Date last seen Price effective from Koha item type Source of acquisition Copy number
    Dewey Decimal Classification     Colección Dominicana Biblioteca Pública Metropolitana Salomé Ureña Biblioteca Pública Metropolitana Salomé Ureña 10/05/2022   BPMSU CD 320.9729 D578r 2002 BPMSU22100018 10/05/2022 10/05/2022 Libros    
    Dewey Decimal Classification     Colección Dominicana Biblioteca Pública Metropolitana Salomé Ureña Biblioteca Pública Metropolitana Salomé Ureña 10/05/2022   BPMSU CD 320.9729 D578r 2002 BPMSU22100019 10/05/2022 10/05/2022 Libros FLASCSO e.2
    Dewey Decimal Classification     Colección Dominicana Biblioteca Pública Metropolitana Salomé Ureña Biblioteca Pública Metropolitana Salomé Ureña 10/05/2022   BPMSU CD 320.9729 D578r 2002 BPMSU22100020 10/05/2022 10/05/2022 Libros FLASCSO e.3